Enciclopedia universal ilustrada europeo-americana : suplemento : 1967-1968 /

Gorde:
Xehetasun bibliografikoak
Formatua: Liburua
Hizkuntza:gaztelania
Argitaratua: Madrid, España : Espasa-Calpe, 1973, c1973
Gaiak:
Etiketak: Etiketa erantsi
Etiketarik gabe, Izan zaitez lehena erregistro honi etiketa jartzen!

MARC

LEADER 00000nam^a2200000^a^4500
001 000051811
005 20250521000000.0
009 20260310090334.861
037 |a Acervo ITESO - Biblioteca 
041 |a ESP 
082 |a 036. 1  |b ENC 1968 
240 1 1 |a [Enciclopedia Espasa-Calpe] 
245 1 0 |a Enciclopedia universal ilustrada europeo-americana :  |b suplemento : 1967-1968 / 
264 4 |a Madrid, España :  |b Espasa-Calpe,  |c 1973, c1973 
300 |a 1419 p. 
336 |a texto  |b txt  |2 rdacontenido 
337 |a sin mediación  |b n  |2 rdamedio 
338 |a volumen  |b nc  |2 rdasoporte 
649 |a XX 
650 |a Enciclopedias y Diccionarios 
650 |a Anuarios 
650 |a Cronología Histórica -  |y 1960-1969 
650 |a Historia -  |x Anuarios 
910 |a Fondo General 
920 |a Impresos - Libros 
930 |a Obras de Referencia 
905 |a 102 
901 |a 0500008746  |b IT2  |c REF  |u 20250521 
902 |a https://opac.biblio.iteso.mx/vufind/Record/000051811